000
00194 a2200097 4500
020
_a
046594003997
041
_a
eng
100
_a
Liza Barer
245
_a
Harold and the Purple Crayon
942
_c
K
999
_c
27773
_d
27773